[Event "Sautron op 19th"]
[Site "Sautron"]
[Date "2019.10.19"]
[Round "2.5"]
[White "Stephan, Victor"]
[Black "Le Gallo, Frederic"]
[Result "1-0"]
[WhiteElo "2427"]
[BlackElo "1930"]
[PlyCount "129"]
[EventDate "2019.12.10"]
[EventType "swiss"]
[EventRounds "9"]
[EventCountry "FRA"]
[SourceTitle "EXT 2022"]
[Source "ChessBase"]
[SourceDate "2021.10.06"]
[SourceVersion "1"]
[SourceVersionDate "2021.10.06"]
[SourceQuality "1"]

1. d4 d5 2. c4 e6 3. Nc3 Nf6 4. cxd5 exd5 5. Bg5 Be7 6. e3 0-0 7. Bd3 Re8 8. Qc2 Nc6 9. a3 h6 10. Bh4 g5 11. Bg3 Bd6 12. Nge2 Bg4 13. 0-0 Qe7 14. Rae1 Rad8 15. Bxd6 Rxd6 16. Ng3 Re6 17. Rc1 h5 18. Bf5 h4 19. Bxe6 Qxe6 20. Nge2 h3 21. Ng3 hxg2 22. Rfe1 Nh5 23. Qd2 Nxg3 24. fxg3 Bf3 25. e4 dxe4 26. Qxg5+ Qg6 27. Qe3 Rd8 28. d5 Ne5 29. Nxe4 Bxe4 30. Qxe4 Nd3 31. Qxg6+ fxg6 32. Kxg2 Nxe1+ 33. Rxe1 Rxd5 34. Re7 Rd2+ 35. Kh3 Rxb2 36. Rxc7 Ra2 37. Rxb7 Rxa3 38. Kh4 Ra5 39. Kg4 a6 40. Ra7 Rh5 41. Rxa6 Rxh2 42. Kg5 Rg2 43. g4 Kf7 44. Ra7+ Kg8 45. Ra6 Kf7 46. Rf6+ Ke7 47. Rf4 Ke6 48. Kxg6 Ke5 49. Rf5+ Ke4 50. g5 Rg1 51. Rf8 Ke5 52. Kh6 Rh1+ 53. Kg7 Ke6 54. g6 Rg1 55. Rf2 Rg3 56. Kh7 Rh3+ 57. Kg8 Rg3 58. g7 Ke7 59. Re2+ Kf6 60. Kf8 Rxg7 61. Rf2+ Kg6 62. Rg2+ Kh7 63. Rxg7+ Kh8 64. Rg6 Kh7 65. Kf7 1-0

[Event "Sautron op 18th"]
[Site "Sautron "]
[Date "2018.10.20"]
[Round "9.16"]
[White "David, Bogdan Emanuel"]
[Black "Le Gallo, Frederic"]
[Result "1-0"]
[WhiteElo "2159"]
[BlackElo "1909"]
[PlyCount "38"]
[EventDate "2018.10.20"]
[EventType "swiss"]
[EventRounds "9"]
[EventCountry "FRA"]
[SourceTitle "EXT 2021"]
[Source "ChessBase"]
[SourceDate "2020.10.23"]
[SourceVersion "1"]
[SourceVersionDate "2020.10.23"]
[SourceQuality "1"]

1. e4 d5 2. exd5 Qxd5 3. Nc3 Qd6 4. d4 Nf6 5. Nf3 Bg4 6. h3 Bh5 7. Be3 c6 8. g4 Bg6 9. Bg2 e6 10. Qd2 Na6 11. a3 Nd5 12. Nxd5 Qxd5 13. Nh4 Qb5 14. Nxg6 hxg6 15. Qe2 Qxb2 16. 0-0 Qc3 17. Rab1 Nc7 18. Rxb7 Nd5 19. Bxd5 Bxa3 1-0

[Event "Nantes op 14th"]
[Site "Nantes"]
[Date "2015.12.28"]
[Round "2"]
[White "Le Goff, Ronan"]
[Black "Le Gallo, Frederic"]
[Result "1-0"]
[WhiteElo "2292"]
[BlackElo "1967"]
[PlyCount "63"]
[EventDate "2015.12.27"]
[EventType "swiss"]
[EventRounds "7"]
[EventCountry "FRA"]
[SourceTitle "CBM 170 Extra"]
[Source "ChessBase"]
[SourceDate "2016.02.25"]
[SourceVersion "1"]
[SourceVersionDate "2016.02.25"]
[SourceQuality "1"]

1. d4 c5 2. d5 g6 3. e4 d6 4. Bb5+ Nd7 5. a4 Bg7 6. Nf3 Ngf6 7. Nc3 0-0 8. 0-0 Ne5 9. Nd2 h5 10. h3 Bh6 11. f4 Kg7 12. Qe1 c4 13. fxe5 dxe5 14. Nf3 Bxc1 15. Rxc1 Bxh3 16. gxh3 Qc8 17. Qh4 a6 18. d6 axb5 19. dxe7 Qc5+ 20. Kh1 Qxe7 21. axb5 Rfd8 22. Rcd1 Rxd1 23. Rxd1 Qc5 24. Rf1 Re8 25. Qf2 Qd6 26. Ng5 Rf8 27. Qxf6+ Qxf6 28. Rxf6 Kxf6 29. Nh7+ Ke7 30. Nd5+ Ke8 31. Nxf8 Kxf8 32. Ne3 1-0

[Event "Nantes op 13th"]
[Site "Nantes"]
[Date "2014.12.29"]
[Round "4"]
[White "Lalic, Bogdan"]
[Black "Le Gallo, Frederic"]
[Result "1-0"]
[WhiteElo "2479"]
[BlackElo "1962"]
[PlyCount "63"]
[EventDate "2014.12.27"]
[EventType "swiss"]
[EventRounds "7"]
[EventCountry "FRA"]
[SourceTitle "EXT 2016"]
[Source "ChessBase"]
[SourceDate "2015.10.08"]
[SourceVersion "1"]
[SourceVersionDate "2015.10.08"]
[SourceQuality "1"]

1. d4 c5 2. d5 d6 3. e4 Nf6 4. Nc3 g6 5. Bb5+ Nbd7 6. a4 a6 7. Be2 Bg7 8. Nf3 0-0 9. 0-0 b6 10. h3 Bb7 11. Bf4 Ne8 12. Qd2 Qc7 13. Bh6 Rd8 14. Rad1 Ndf6 15. Bc4 Bc8 16. Rfe1 Qb7 17. Bxg7 Kxg7 18. Rb1 Nc7 19. b4 Qa8 20. bxc5 bxc5 21. Qe3 e5 22. dxe6 Bxe6 23. Bf1 d5 24. Qxc5 dxe4 25. Ng5 h6 26. Ngxe4 Ncd5 27. Nxd5 Nxd5 28. Qd4+ Kg8 29. c4 f5 30. Nc5 Nf6 31. Qh4 Bf7 32. Qxf6 1-0

[Event "Sautron op 14th"]
[Site "Sautron"]
[Date "2014.10.26"]
[Round "2"]
[White "Guedon, Stephane"]
[Black "Le Gallo, Frederic"]
[Result "1-0"]
[WhiteElo "2214"]
[BlackElo "1975"]
[PlyCount "55"]
[EventDate "2014.10.26"]
[EventType "swiss"]
[EventRounds "9"]
[EventCountry "FRA"]
[SourceTitle "EXT 2016"]
[Source "ChessBase"]
[SourceDate "2015.10.08"]
[SourceVersion "1"]
[SourceVersionDate "2015.10.08"]
[SourceQuality "1"]

1. d4 Nf6 2. c4 c5 3. d5 e6 4. Nc3 exd5 5. cxd5 d6 6. Nf3 g6 7. Bf4 a6 8. a4 Bg7 9. h3 0-0 10. e3 Re8 11. Nd2 Nbd7 12. Be2 Ne5 13. 0-0 h6 14. a5 Qe7 15. Qb3 g5 16. Bg3 h5 17. Rad1 Bf5 18. f4 Ng6 19. Nc4 g4 20. hxg4 hxg4 21. Bd3 Nh5 22. Ne2 Bxd3 23. Qxd3 Nxg3 24. Nxg3 Qh4 25. Nf5 Qh5 26. g3 Rad8 27. Rf2 Ne7 28. Ncxd6 1-0

[Event "Rohde op 12th"]
[Site "Sautron"]
[Date "2012.11.??"]
[Round "4"]
[White "Le Gallo, Frederic"]
[Black "Chargelegue, Thomas"]
[Result "1-0"]
[WhiteElo "1983"]
[BlackElo "1756"]
[PlyCount "47"]
[EventDate "2012.10.27"]
[EventType "swiss"]
[EventRounds "9"]
[EventCountry "FRA"]
[SourceTitle "EXT 2014"]
[Source "ChessBase"]
[SourceDate "2013.11.20"]
[SourceVersion "1"]
[SourceVersionDate "2013.11.20"]
[SourceQuality "1"]

1. e4 e6 2. d4 d5 3. Nc3 Nf6 4. Bg5 Be7 5. e5 Nfd7 6. h4 Bxg5 7. hxg5 Qxg5 8. Nf3 Qe7 9. Qd2 a6 10. Bd3 c5 11. Rxh7 Rxh7 12. Bxh7 cxd4 13. Qxd4 Nc6 14. Qe3 d4 15. Nxd4 Qh4 16. Nxe6 fxe6 17. Bg6+ Kd8 18. Rd1 Ncxe5 19. Qb6+ Ke7 20. Qd6+ Kf6 21. Be4 Qh1+ 22. Ke2 Qh5+ 23. f3 Nf7 24. Nd5+ 1-0

[Event "Rohde op 12th"]
[Site "Sautron"]
[Date "2012.11.??"]
[Round "9"]
[White "Navrotescu, Andreea Cristiana"]
[Black "Le Gallo, Frederic"]
[Result "1-0"]
[WhiteElo "2133"]
[BlackElo "1983"]
[PlyCount "57"]
[EventDate "2012.10.27"]
[EventType "swiss"]
[EventRounds "9"]
[EventCountry "FRA"]
[SourceTitle "EXT 2014"]
[Source "ChessBase"]
[SourceDate "2013.11.20"]
[SourceVersion "1"]
[SourceVersionDate "2013.11.20"]
[SourceQuality "1"]

1. d4 Nf6 2. c4 c5 3. d5 b5 4. Nd2 d6 5. e4 g6 6. cxb5 a6 7. a4 Qa5 8. Qc2 axb5 9. Bxb5+ Bd7 10. Bxd7+ Nbxd7 11. Ne2 Bg7 12. 0-0 0-0 13. Nc4 Qa6 14. a5 Rfb8 15. Bd2 Ne8 16. Rab1 Bxb2 17. Rxb2 Rxb2 18. Qxb2 Qxc4 19. Qb7 Rb8 20. Qxd7 Qxe2 21. Qa7 Rb3 22. Be3 Qb5 23. Qxe7 Rb1 24. Bc1 Ra1 25. h3 Rxa5 26. Bh6 Ng7 27. Qxd6 c4 28. Qf6 Ne8 29. Qe7 1-0

[Event "Sautron op 11th"]
[Site "Sautron"]
[Date "2011.10.23"]
[Round "4"]
[White "Delorme, Alban"]
[Black "Le Gallo, Frederic"]
[Result "1-0"]
[WhiteElo "2306"]
[BlackElo "2018"]
[PlyCount "43"]
[EventDate "2011.10.22"]
[EventType "swiss"]
[EventRounds "9"]
[EventCountry "FRA"]
[SourceTitle "EXT 2016"]
[Source "ChessBase"]
[SourceDate "2015.10.08"]
[SourceVersion "1"]
[SourceVersionDate "2015.10.08"]
[SourceQuality "1"]

1. e4 c5 2. Nf3 d6 3. d4 cxd4 4. Qxd4 Bd7 5. c4 Nc6 6. Qe3 g6 7. Nc3 Nb4 8. Qd2 Bh6 9. Qd1 Qa5 10. Bxh6 Nxh6 11. Be2 0-0-0 12. 0-0 f5 13. a3 Nc6 14. Nd5 Rde8 15. b4 Qd8 16. b5 fxe4 17. bxc6 bxc6 18. Qa4 cxd5 19. Qa6+ Kc7 20. Qxa7+ Kc8 21. Rab1 Bb5 22. Rxb5 1-0

[Event "Sautron op 11th"]
[Site "Sautron"]
[Date "2011.10.22"]
[Round "1"]
[White "Stephan, Victor"]
[Black "Le Gallo, Frederic"]
[Result "1-0"]
[WhiteElo "2302"]
[BlackElo "2018"]
[PlyCount "37"]
[EventDate "2011.10.22"]
[EventType "swiss"]
[EventRounds "9"]
[EventCountry "FRA"]
[SourceTitle "EXT 2016"]
[Source "ChessBase"]
[SourceDate "2015.10.08"]
[SourceVersion "1"]
[SourceVersionDate "2015.10.08"]
[SourceQuality "1"]

1. d4 Nf6 2. c4 g6 3. g3 c6 4. Bg2 d5 5. Nf3 dxc4 6. 0-0 Bg7 7. Qc2 Be6 8. Ng5 Qxd4 9. Nxe6 fxe6 10. Be3 Qe5 11. Nd2 b5 12. a4 Nd5 13. axb5 cxb5 14. Bf4 Qxb2 15. Qe4 Qf6 16. Bh3 Nxf4 17. gxf4 0-0 18. Qxa8 Qxf4 19. Ra2 1-0

[Event "Nantes op 8th"]
[Site "Nantes"]
[Date "2009.12.??"]
[Round "1"]
[White "Le Gallo, Frederic"]
[Black "Marholev, Dimitar"]
[Result "0-1"]
[WhiteElo "2041"]
[BlackElo "2364"]
[PlyCount "74"]
[EventDate "2009.12.??"]
[EventType "swiss"]
[EventRounds "9"]
[EventCountry "FRA"]
[SourceTitle "CBM 134 Extra"]
[Source "ChessBase"]
[SourceDate "2010.03.03"]
[SourceVersion "1"]
[SourceVersionDate "2010.03.03"]
[SourceQuality "1"]

1. e4 e5 2. Nf3 Nc6 3. Bb5 g6 4. 0-0 Bg7 5. c3 a6 6. Ba4 d6 7. d4 Bd7 8. Be3 Nf6 9. Nbd2 0-0 10. Bg5 h6 11. Bh4 Qe8 12. Re1 Nxd4 13. Bxd7 Nxf3+ 14. Qxf3 Nxd7 15. Nf1 Nc5 16. Bf6 Bxf6 17. Qxf6 Nd3 18. Re3 Nf4 19. Qh4 Kg7 20. g3 g5 21. Qg4 Qe6 22. Qd1 Nh3+ 23. Kg2 g4 24. f4 exf4 25. gxf4 Nxf4+ 26. Kh1 Rae8 27. Ng3 Nh3 28. Qd4+ Qe5 29. Nh5+ Kg6 30. Rxh3 Qxd4 31. Nf4+ Kh7 32. cxd4 gxh3 33. Nd5 f5 34. Nxc7 Rxe4 35. Rf1 f4 36. d5 f3 37. Ne6 Rg8 0-1

[Event "Nantes op 8th"]
[Site "Nantes"]
[Date "2009.12.??"]
[Round "5"]
[White "Le Gallo, Frederic"]
[Black "Peric, Slavisa"]
[Result "1/2-1/2"]
[WhiteElo "2041"]
[BlackElo "2275"]
[PlyCount "26"]
[EventDate "2009.12.??"]
[EventType "swiss"]
[EventRounds "9"]
[EventCountry "FRA"]
[SourceTitle "CBM 134 Extra"]
[Source "ChessBase"]
[SourceDate "2010.03.03"]
[SourceVersion "1"]
[SourceVersionDate "2010.03.03"]
[SourceQuality "1"]

1. e4 e6 2. d4 d5 3. Nc3 h6 4. e5 c5 5. f4 cxd4 6. Qxd4 Nc6 7. Qf2 Bb4 8. Bd2 Nge7 9. Bd3 a6 10. Nf3 g6 11. 0-0-0 Bd7 12. g4 Qc7 13. f5 gxf5 1/2-1/2

[Event "Rennes op 2nd"]
[Site "Rennes"]
[Date "2009.07.16"]
[Round "2"]
[White "Le Gallo, Frederic"]
[Black "Palacios Aguilar, Diego Andre"]
[Result "1-0"]
[WhiteElo "2041"]
[BlackElo "1780"]
[PlyCount "22"]
[EventDate "2009.07.15"]
[EventType "swiss"]
[EventRounds "9"]
[EventCountry "FRA"]
[SourceTitle "EXT 2011"]
[Source "ChessBase"]
[SourceDate "2010.11.26"]
[SourceVersion "1"]
[SourceVersionDate "2010.11.26"]
[SourceQuality "1"]

1. e4 c5 2. c3 d5 3. exd5 Qxd5 4. d4 cxd4 5. cxd4 e6 6. Nf3 Nf6 7. a3 Be7 8. Nc3 Qd7 9. Bb5 Qc6 10. Bxc6+ bxc6 11. 0-0 0-0 1-0